Ramz Rowayat / (Record no. 524705)

000 -LEADER
fixed length control field 00541nam a22001937a 4500
003 - CONTROL NUMBER IDENTIFIER
control field NUST
020 ## - INTERNATIONAL STANDARD BOOK NUMBER
International Standard Book Number 969-455-009-2
038 ## - RECORD CONTENT LICENSOR
Staff Name NUST
082 ## - DEWEY DECIMAL CLASSIFICATION NUMBER
Classification number 891.421
Author Mark ASL
100 ## - MAIN ENTRY--PERSONAL NAME
Personal name Aslam Rana, Doctor
9 (RLIN) 15498
245 ## - TITLE STATEMENT
Title Ramz Rowayat /
Statement of responsibility, etc. Doctor Aslam Rana.
260 ## - PUBLICATION, DISTRIBUTION, ETC.
Place of publication, distribution, etc. Lahore :
Name of publisher, distributor, etc. Aziz Publishers,
Date of publication, distribution, etc. 1993.
300 ## - PHYSICAL DESCRIPTION
Extent 304 p. ;
Dimensions 16 cm.
500 ## - GENERAL NOTE
General note Paperback.
880 ## - ALTERNATE GRAPHIC REPRESENTATION
Linkage 100-01\r
Title .ڈاکٹراسلم رانا
880 ## - ALTERNATE GRAPHIC REPRESENTATION
Linkage 245-02\r
Title /رمزروایت
880 ## - ALTERNATE GRAPHIC REPRESENTATION
Linkage 260-03\r
Title ,عزیز پبلشرز،لاہور
942 ## - ADDED ENTRY ELEMENTS (KOHA)
Source of classification or shelving scheme
Koha item type Book
Holdings
Withdrawn status Lost status Source of classification or shelving scheme Damaged status Not for loan Permanent Location Current Location Date acquired Total Checkouts Full call number Barcode Date last seen Price effective from Koha item type
          Central Library (CL) Central Library (CL) 06/25/2019   891.421 ASL CL-E-892 06/25/2019 06/25/2019 Book
© 2023 Central Library, National University of Sciences and Technology. All Rights Reserved.